Villes de l'Isère en images - Statistiques

Statistiques générales
  • Ce quiz a été pris 144 fois
  • Le résultat moyen est 8 sur 18
Statistiques - réponses
Par images Hint Réponse % Correct
G Grenoble
100%
É Échirolles
90%
V Vienne
87%
V Voiron
83%
B Bourgoin-Jallieu
62%
V Vizille
46%
H Huez
43%
V Villefontaine
43%
V Voreppe
39%
P Pont-en-Royans
37%
S Saint-Egrève
32%
S Saint-Martin-d'Hères
32%
V Villard-de-Lans
24%
S Saint-Antoine-l'Abbaye
22%
C Crémieu
16%
(L) C La Côte-Saint-André
16%
P Pontcharra
16%
(L) P Le Pont-de-Claix
14%
Aucun quiz correspondant
Distribution des résultats
% des personnes avec chaque résultat
Percentile par nombre de réponses
Votre historique - résultats
Vous n’avez pas pris ce quiz